00312nam a2200133Ia 4500008005000000022001300050041000800063082001100071100001700082245001500099260003800114300001800152440000800170240112s1990 SEPT-OCT xx 000 0 und d a00995355 aeng a616.05 aNEURALGIA P. aTHE LANCET bLITTLE BROWN & CO.c1990 SEPT-OCT a1080,HBc8714 v336